[Event "VII Festival A"]
[Site "Cesenatico ITA"]
[Date "2002.09.03"]
[Round "3"]
[White "Benedetti, Fabrizio"]
[Black "Ivanov, Mikhail M."]
[Result "0-1"]
[WhiteElo "2223"]
[BlackElo "2489"]
[PlyCount "74"]
[EventDate "2002.09.02"]

1. e4 c5 2. Nf3 a6 3. d4 cxd4 4. Nxd4 Nf6 5. Bd3 Nc6 6. Nxc6 dxc6 7. Nc3 e5 8.
h3 Be6 9. Qe2 b5 10. a4 Be7 11. Be3 O-O 12. O-O Qc7 13. Rae1 Nd7 14. f4 exf4
15. Bxf4 Ne5 16. Kh1 Bd6 17. axb5 axb5 18. Nd5 Qd8 19. Ne3 Ng6 20. Bxd6 Qxd6
21. Qf2 Qe5 22. b3 Ra2 23. Re2 Rfa8 24. Nf5 Ra1 25. Ree1 Rxe1 26. Rxe1 Ra2 27.
Qd4 Qxd4 28. Nxd4 Ne5 29. Bf1 b4 30. Rc1 c5 31. Nf3 Nxf3 32. gxf3 g5 33. Bg2
Kg7 34. Kh2 Kf6 35. Kg3 Ke5 36. Bf1 h5 37. Bd3 h4+ 0-1

[Event "VII Festival A"]
[Site "Cesenatico ITA"]
[Date "2002.09.03"]
[Round "3"]
[White "Falbo, Sandro"]
[Black "Tomescu, Vlad"]
[Result "1/2-1/2"]
[WhiteElo "2208"]
[BlackElo "2438"]
[PlyCount "97"]
[EventDate "2002.09.02"]

1. d4 b5 2. e4 Bb7 3. Bd3 e6 4. Qe2 a6 5. Nf3 c5 6. c3 d6 7. Bf4 Nf6 8. Nbd2
Be7 9. O-O Nbd7 10. h3 Qc7 11. e5 dxe5 12. dxe5 Nd5 13. Bg3 c4 14. Bc2 Nc5 15.
Ne4 Nxe4 16. Bxe4 Nb6 17. Rad1 O-O 18. Nd4 Na4 19. Bb1 g6 20. f4 Rad8 21. Kh2
Nc5 22. f5 exf5 23. Rxf5 Ne6 24. Nxe6 fxe6 25. Rxf8+ Bxf8 26. Rxd8 Qxd8 27. Be4
Bxe4 28. Qxe4 Qd5 29. Qh4 a5 30. a3 a4 31. Qf6 Qd7 32. Qf3 Be7 33. Qg4 Qd5 34.
h4 Kf7 35. h5 Qd3 36. hxg6+ hxg6 37. Qh3 Qf5 38. Qh7+ Ke8 39. Qg8+ Kd7 40. Qg7
Qg5 41. Bf2 Kc6 42. Bd4 Kd5 43. Qg8 Ke4 44. Qxe6 Qh4+ 45. Kg1 Qe1+ 46. Kh2 Qh4+
47. Kg1 Qe1+ 48. Kh2 Qh4+ 49. Kg1 1/2-1/2

[Event "VII Festival A"]
[Site "Cesenatico ITA"]
[Date "2002.09.03"]
[Round "3"]
[White "Gori, Andrea"]
[Black "Tommasini, Enzo"]
[Result "0-1"]
[WhiteElo "2215"]
[BlackElo "2127"]
[PlyCount "41"]
[EventDate "2002.09.02"]

1. e4 c6 2. c4 e5 3. d4 d6 4. dxe5 dxe5 5. Qxd8+ Kxd8 6. Bg5+ f6 7. Be3 Nd7 8.
Nc3 Bc5 9. Bxc5 Nxc5 10. O-O-O+ Kc7 11. g3 a5 12. Bh3 Ne7 13. Bxc8 Nxc8 14. f3
a4 15. Kc2 Nd6 16. b3 axb3+ 17. axb3 Ra3 18. Rb1 Rha8 19. Nge2 Nb5 20. Nc1 R3a5
21. Rd1 0-1

[Event "VII Festival A"]
[Site "Cesenatico ITA"]
[Date "2002.09.03"]
[Round "3"]
[White "Lagrotteria, Salvatore"]
[Black "Holder, Hovard"]
[Result "1/2-1/2"]
[WhiteElo "2164"]
[BlackElo "2018"]
[PlyCount "55"]
[EventDate "2002.09.02"]

1. Nf3 g6 2. d4 Bg7 3. c4 f5 4. Nc3 Nf6 5. b4 O-O 6. e3 d6 7. Qb3 Kh8 8. Bb2
Qe8 9. c5 e5 10. Nb5 e4 11. Ng5 Qe7 12. cxd6 cxd6 13. Rc1 Na6 14. d5 h6 15. Nh3
g5 16. Bc4 Ng4 17. Ng1 f4 18. h4 fxe3 19. f3 Nf2 20. Rh2 g4 21. fxg4 Nxg4 22.
Rh3 Bd7 23. Bxg7+ Kxg7 24. Rg3 Kh7 25. Rxg4 Bxg4 26. Qxe3 Nxb4 27. Be2 Bxe2 28.
Rc7 1/2-1/2

[Event "VII Festival A"]
[Site "Cesenatico ITA"]
[Date "2002.09.03"]
[Round "3"]
[White "Molina, Fabrizio"]
[Black "Zentgraf, Alexander"]
[Result "0-1"]
[WhiteElo "2278"]
[BlackElo "2131"]
[PlyCount "48"]
[EventDate "2002.09.02"]

1. c4 d6 2. Nc3 e5 3. g3 f5 4. Bg2 Nf6 5. d3 Be7 6. e3 O-O 7. Nge2 c6 8. O-O
Be6 9. f4 Nbd7 10. b3 a5 11. d4 e4 12. Bb2 d5 13. c5 b6 14. cxb6 Nxb6 15. Qd2
a4 16. Nxa4 Nxa4 17. bxa4 Rxa4 18. Rfc1 Bd7 19. Nc3 Bb4 20. Qc2 Bxc3 21. Bxc3
Qa8 22. Rcb1 Qa7 23. Bb4 Rb8 24. a3 Rbxb4 0-1

[Event "VII Festival A"]
[Site "Cesenatico ITA"]
[Date "2002.09.03"]
[Round "3"]
[White "Naumkin, Igor"]
[Black "Schreiner, Richard"]
[Result "1-0"]
[WhiteElo "2436"]
[BlackElo "2188"]
[PlyCount "81"]
[EventDate "2002.09.02"]

1. d4 d5 2. c4 c6 3. Nc3 Nf6 4. Nf3 g6 5. e3 Bg7 6. Bd3 O-O 7. O-O Nbd7 8. Qe2
b6 9. Rd1 Bb7 10. Bd2 e6 11. Rac1 c5 12. cxd5 exd5 13. dxc5 Nxc5 14. Be1 Qe7
15. Nb5 a6 16. Nbd4 Nfe4 17. Bb1 Rac8 18. a3 Rfe8 19. Ba2 h6 20. Rc2 Rc7 21.
Rdc1 Rec8 22. h3 Kh7 23. Qd1 Ne6 24. Nxe6 fxe6 25. Nd4 Rxc2 26. Rxc2 Rxc2 27.
Qxc2 e5 28. Ne2 Qd6 29. Bb1 d4 30. exd4 exd4 31. b4 Qc6 32. Nf4 Be5 33. Qxc6
Bxc6 34. Nxg6 Kxg6 35. f3 Kf6 36. fxe4 Bf4 37. Bd3 Bb5 38. Bxb5 axb5 39. Kf2
Ke5 40. Kf3 d3 41. Bc3+ 1-0

[Event "VII Festival A"]
[Site "Cesenatico ITA"]
[Date "2002.09.03"]
[Round "3"]
[White "Raineri, Valerio"]
[Black "Waldner, Mirko"]
[Result "0-1"]
[WhiteElo "2134"]
[BlackElo "1636"]
[PlyCount "42"]
[EventDate "2002.09.02"]

1. e4 e6 2. d3 d5 3. Qe2 dxe4 4. dxe4 e5 5. f4 Nc6 6. c3 Bd6 7. Nf3 Qe7 8. g3
f5 9. exf5 Bxf5 10. fxe5 Nxe5 11. Nxe5 Bxe5 12. Bg5 Nf6 13. Nd2 O-O 14. O-O-O
Rae8 15. Qf3 Bg6 16. Bc4+ Kh8 17. Rde1 Qc5 18. Rhf1 c6 19. Qe3 Qa5 20. Nf3 Bxg3
21. Qxe8 Nxe8 0-1

[Event "VII Festival A"]
[Site "Cesenatico ITA"]
[Date "2002.09.03"]
[Round "3"]
[White "Semeria, Marco"]
[Black "Cioara, Andrei Nestor"]
[Result "0-1"]
[WhiteElo "2060"]
[BlackElo "2414"]
[PlyCount "68"]
[EventDate "2002.09.02"]

1. e4 c6 2. d4 d5 3. exd5 cxd5 4. c4 Nf6 5. Nc3 g6 6. Qb3 Bg7 7. cxd5 O-O 8.
Be2 Na6 9. Bf3 Qb6 10. Qxb6 axb6 11. Nge2 Nb4 12. O-O Rd8 13. Bg5 Nbxd5 14.
Nxd5 Nxd5 15. Bxd5 Rxd5 16. Bxe7 Bg4 17. Nc3 Rxd4 18. f3 Be6 19. Rfd1 Re8 20.
Bg5 h6 21. Be3 Rb4 22. Bc1 g5 23. a3 Rb3 24. Ne4 f5 25. Nc3 Bc4 26. a4 Ra8 27.
Nd5 Kf7 28. Ne3 Be6 29. Ra3 Rxa3 30. bxa3 Rxa4 31. Kf2 Bf8 32. Bb2 Bc5 33. Ke2
b5 34. Nd5 Bxa3 0-1

[Event "VII Festival A"]
[Site "Cesenatico ITA"]
[Date "2002.09.04"]
[Round "4"]
[White "Bildt, Thomas"]
[Black "Molina, Fabrizio"]
[Result "1/2-1/2"]
[WhiteElo "2087"]
[BlackElo "2278"]
[PlyCount "39"]
[EventDate "2002.09.02"]

1. e4 e6 2. d4 d5 3. exd5 exd5 4. Bd3 Bd6 5. c3 Nc6 6. Be3 Be6 7. Qb3 Nge7 8.
Ne2 Qd7 9. Nd2 Bf5 10. Qc2 O-O 11. Bf4 Rae8 12. Bxd6 Bxd3 13. Qxd3 Qxd6 14. O-O
Ng6 15. Rfe1 Re6 16. Ng3 Rfe8 17. Rxe6 Rxe6 18. Nf3 Nf4 19. Qd2 Ne7 20. Re1
1/2-1/2

[Event "VII Festival A"]
[Site "Cesenatico ITA"]
[Date "2002.09.04"]
[Round "4"]
[White "Candura, Stefano"]
[Black "Benedetti, Fabrizio"]
[Result "0-1"]
[WhiteElo "2079"]
[BlackElo "2223"]
[PlyCount "88"]
[EventDate "2002.09.02"]

1. f4 c5 2. Nf3 d6 3. e3 g6 4. Be2 Bg7 5. O-O e6 6. c3 Ne7 7. d4 cxd4 8. cxd4
O-O 9. Nc3 d5 10. Bd2 Nbc6 11. Rc1 Nf5 12. Qe1 Bd7 13. Ne5 Rc8 14. Nb5 a6 15.
Nxc6 Rxc6 16. Rxc6 Bxc6 17. Nc3 Qb6 18. Nd1 Bb5 19. Ba5 Qc6 20. g4 Bxe2 21.
Qxe2 Nd6 22. Nc3 Rc8 23. Bb4 Nc4 24. Rc1 Qb6 25. a3 a5 26. Bc5 Qxb2 27. Qxb2
Nxb2 28. Rb1 Rxc5 29. dxc5 Bxc3 30. Kf1 Kf8 31. Ke2 Ke7 32. Rc1 Na4 33. Kd3 Bb2
34. Rc2 Kd7 35. e4 Kc6 36. exd5+ exd5 37. Re2 Nxc5+ 38. Kc2 Bxa3 39. Re7 d4 40.
Rxf7 d3+ 41. Kd1 Bb4 42. Re7 Kd5 43. Rxh7 Ne4 44. Rd7+ Ke6 0-1

[Event "VII Festival A"]
[Site "Cesenatico ITA"]
[Date "2002.09.04"]
[Round "4"]
[White "Cioara, Andrei Nestor"]
[Black "Lagrotteria, Salvatore"]
[Result "1-0"]
[WhiteElo "2414"]
[BlackElo "2164"]
[PlyCount "93"]
[EventDate "2002.09.02"]

1. e4 c6 2. d4 d5 3. e5 Bf5 4. Nf3 e6 5. Be2 Ne7 6. O-O h6 7. Be3 Ng6 8. b3 Be7
9. Nbd2 Nh4 10. Ne1 Bh7 11. f4 Qb6 12. Bf2 Nd7 13. c4 c5 14. cxd5 exd5 15. g3
Nf5 16. Ndf3 g5 17. g4 Nxd4 18. Nxd4 cxd4 19. Qxd4 Bc5 20. Qxd5 Bxf2+ 21. Rxf2
Nc5 22. f5 Rd8 23. Qc4 O-O 24. Rc1 Rc8 25. Qb5 Ne4 26. Qxb6 axb6 27. Rxc8 Rxc8
28. Rg2 Rc1 29. Kf1 Nd2+ 30. Kf2 Ne4+ 31. Ke3 Nc3 32. Kd2 Nxa2 33. Nd3 Rc7 34.
Rg1 Nc3 35. Rc1 Ne4+ 36. Ke3 Nc3 37. Bf3 Kf8 38. Kd2 Nb5 39. Rxc7 Nxc7 40. Bxb7
Nb5 41. Bc6 Nd4 42. Bd5 Ke7 43. Ke3 Nb5 44. Nb4 Nc3 45. Bf3 h5 46. h3 f6 47.
Kd3 1-0

[Event "VII Festival A"]
[Site "Cesenatico ITA"]
[Date "2002.09.04"]
[Round "4"]
[White "Ivanov, Mikhail M."]
[Black "Brancaleoni, Maurizio"]
[Result "1/2-1/2"]
[WhiteElo "2489"]
[BlackElo "2249"]
[PlyCount "155"]
[EventDate "2002.09.02"]

1. d4 Nf6 2. c4 e6 3. Nc3 Bb4 4. e3 c5 5. Nge2 b6 6. a3 Ba5 7. Rb1 Na6 8. Bd2
O-O 9. Qa4 Qe7 10. dxc5 Nxc5 11. Qc2 Bxc3 12. Nxc3 Bb7 13. f3 Nh5 14. Bc1 d5
15. b4 Nd7 16. Bd3 Qh4+ 17. Qf2 Qxf2+ 18. Kxf2 Ne5 19. Be2 Nxc4 20. Bxc4 dxc4
21. Rd1 Rfd8 22. Bb2 Nf6 23. e4 Bc6 24. b5 Be8 25. a4 Nd7 26. Ba3 Ne5 27. Rxd8
Rxd8 28. Rd1 Nd3+ 29. Ke3 f5 30. e5 f4+ 31. Kd2 Bg6 32. Bd6 Rc8 33. g3 fxg3 34.
hxg3 Nc5 35. Ke3 Bc2 36. Ra1 Nb7 37. Ra2 Bd3 38. Bb4 Kf7 39. f4 h5 40. a5 bxa5
41. Bxa5 Nxa5 42. Rxa5 Rc7 43. Ra6 Rd7 44. Na4 Bf5 45. Nc5 Rc7 46. Rc6 Re7 47.
Kd4 g5 48. Ne4 Bxe4 49. Kxe4 gxf4 50. gxf4 Rb7 51. f5 exf5+ 52. Kxf5 h4 53.
Rxc4 h3 54. Rh4 Rxb5 55. Rxh3 Rb6 56. Rh7+ Kf8 57. Rxa7 Ke8 58. Ra5 Rc6 59. Ke4
Rb6 60. Kd5 Rh6 61. Ra8+ Ke7 62. Ra7+ Ke8 63. Rc7 Ra6 64. Ke4 Kd8 65. Rc5 Ke8
66. Kf4 Rb6 67. Kg5 Ra6 68. Rc4 Rb6 69. Rf4 Ke7 70. Rh4 Ra6 71. Kf5 Ke8 72. Rh7
Rb6 73. e6 Rb1 74. Ra7 Rf1+ 75. Ke5 Re1+ 76. Kf6 Rf1+ 77. Ke5 Re1+ 78. Kf6
1/2-1/2

[Event "VII Festival A"]
[Site "Cesenatico ITA"]
[Date "2002.09.04"]
[Round "4"]
[White "Voiska, Margarita"]
[Black "Scharrer, Patrick"]
[Result "1-0"]
[WhiteElo "2356"]
[BlackElo "2094"]
[PlyCount "55"]
[EventDate "2002.09.02"]

1. c4 g6 2. Nc3 Bg7 3. g3 d6 4. Bg2 e5 5. e4 Nc6 6. d3 f5 7. exf5 Bxf5 8. g4
Be6 9. h3 Nge7 10. Nd5 O-O 11. Ne2 Qd7 12. Be3 Nd8 13. Nec3 c6 14. Nxe7+ Qxe7
15. O-O Nf7 16. Qd2 h6 17. b3 Kh7 18. d4 exd4 19. Bxd4 Bxd4 20. Qxd4 c5 21. Qe3
Rae8 22. Rae1 Qd7 23. Ne4 Qd8 24. f4 d5 25. cxd5 Bxd5 26. Rd1 Rxe4 27. Bxe4 Re8
28. Rxd5 1-0

[Event "VII Festival A"]
[Site "Cesenatico ITA"]
[Date "2002.09.04"]
[Round "4"]
[White "Waldner, Mirko"]
[Black "Falbo, Sandro"]
[Result "0-1"]
[WhiteElo "1636"]
[BlackElo "2208"]
[PlyCount "78"]
[EventDate "2002.09.02"]

1. d4 Nf6 2. c4 g6 3. Bf4 Bg7 4. Nc3 d6 5. Nf3 O-O 6. Qd2 Nc6 7. Bh6 e5 8. Bxg7
Kxg7 9. e3 Bg4 10. d5 Ne7 11. Be2 a5 12. O-O Nd7 13. Ne4 h6 14. c5 Bxf3 15.
Bxf3 Nxc5 16. Nxc5 dxc5 17. Rfd1 Qd6 18. Rac1 b6 19. Rc4 Rad8 20. a3 f5 21. Qc3
Kh7 22. e4 Nc6 23. exf5 gxf5 24. Rh4 Nd4 25. Qe3 Rd7 26. g4 Qf6 27. Rh3 Rg7 28.
Kf1 Nxf3 29. Qxf3 Rxg4 30. Ke2 Rfg8 31. d6 Re4+ 32. Kf1 cxd6 33. Rd3 Reg4 34.
Qb7+ R8g7 35. Qxb6 R4g6 36. Qxa5 e4 37. Rd2 f4 38. Qa8 Qe6 39. Ke2 Qc4+ 0-1

[Event "VII Festival A"]
[Site "Cesenatico ITA"]
[Date "2002.09.04"]
[Round "4"]
[White "Zentgraf, Alexander"]
[Black "Naumkin, Igor"]
[Result "1/2-1/2"]
[WhiteElo "2131"]
[BlackElo "2436"]
[PlyCount "22"]
[EventDate "2002.09.02"]

1. c4 e5 2. Nc3 Nf6 3. Nf3 Nc6 4. d3 d5 5. d4 exd4 6. Nxd4 Nxd4 7. Qxd4 Be6 8.
cxd5 Nxd5 9. e4 Nxc3 10. Qxc3 f6 11. Be3 Bd6 1/2-1/2

[Event "VII Festival A"]
[Site "Cesenatico ITA"]
[Date "2002.09.05"]
[Round "5"]
[White "Brancaleoni, Maurizio"]
[Black "Naumkin, Igor"]
[Result "0-1"]
[WhiteElo "2249"]
[BlackElo "2436"]
[PlyCount "138"]
[EventDate "2002.09.02"]

1. d4 e6 2. Nf3 Nf6 3. c4 b6 4. g3 Bb7 5. Bg2 Be7 6. O-O O-O 7. Nc3 Ne4 8. Qc2
Nxc3 9. Qxc3 f5 10. b3 Bf6 11. Bb2 d6 12. Rad1 a5 13. Ne1 Bxg2 14. Nxg2 Nc6 15.
Qc1 e5 16. dxe5 Bxe5 17. Nf4 Bxb2 18. Qxb2 Qd7 19. Nd5 Rae8 20. f4 Re6 21. Rfe1
Rfe8 22. e3 Qd8 23. Qc2 Re4 24. Kf2 Rf8 25. Kg1 Qd7 26. Qd2 Re6 27. Qd3 Qf7 28.
Nc3 Nb4 29. Qd2 Rfe8 30. a3 Na6 31. Na4 Nb8 32. Nc3 Nd7 33. b4 axb4 34. axb4
Nf6 35. h3 h6 36. Kh2 Qh5 37. Kg2 Qf7 38. Rc1 Kh8 39. Kh2 R8e7 40. Nd5 Ne4 41.
Qc2 Re8 42. Ra1 Rg6 43. Rg1 b5 44. Rad1 c6 45. Nb6 Qa7 46. c5 dxc5 47. bxc5 Qa3
48. Nd7 Qxe3 49. Rd3 Qf2+ 50. Qxf2 Nxf2 51. Rd6 Rge6 52. Ne5 Ne4 53. Rxc6 Rxc6
54. Nxc6 Rc8 55. Nd4 Rxc5 56. Re1 g6 57. g4 Rd5 58. Nc6 Kg7 59. gxf5 gxf5 60.
Ra1 Kf6 61. Ne5 b4 62. Ra6+ Rd6 63. Ra7 Rd2+ 64. Kg1 b3 65. Nc4 b2 66. Ra6+ Kg7
67. Ra7+ Kg6 68. Ra6+ Kh5 69. Nxb2 Rxb2 0-1

[Event "VII Festival A"]
[Site "Cesenatico ITA"]
[Date "2002.09.05"]
[Round "5"]
[White "Falbo, Sandro"]
[Black "Ivanov, Mikhail M."]
[Result "1/2-1/2"]
[WhiteElo "2208"]
[BlackElo "2489"]
[PlyCount "189"]
[EventDate "2002.09.02"]

1. c4 c5 2. Nf3 Nc6 3. g3 e5 4. Nc3 g6 5. Bg2 Bg7 6. O-O Nge7 7. Ne1 d6 8. Nc2
Be6 9. Ne3 O-O 10. Ned5 Qc7 11. d3 Bh3 12. Bh6 Bxg2 13. Kxg2 Nxd5 14. Nxd5 f5
15. Bxg7 Qxg7 16. e3 Rf7 17. Rb1 Raf8 18. f4 g5 19. Kh1 exf4 20. exf4 g4 21. b4
Nd4 22. Qe1 Nf3 23. Qe6 Nd2 24. Qxd6 cxb4 25. Qxb4 Nxf1 26. Rxf1 Re8 27. Re1
Qf8 28. Qc3 Rxe1+ 29. Qxe1 Qd6 30. Qe3 a6 31. a4 b5 32. axb5 axb5 33. Qe8+ Rf8
34. Qxb5 Rb8 35. Ne7+ Kf8 36. Nxf5 Rxb5 37. Nxd6 Rb1+ 38. Kg2 Rb2+ 39. Kg1 Rd2
40. Ne4 Rd1+ 41. Kg2 Kg7 42. Nf2 Rd2 43. Kf1 h5 44. Ke1 Ra2 45. Kf1 Kg6 46. h3
gxh3 47. Nxh3 Kf5 48. Nf2 h4 49. gxh4 Kxf4 50. Nd1 Kf3 51. Ke1 Re2+ 52. Kf1 Rd2
53. Ke1 Rxd3 54. h5 Rd4 55. Nb2 Ke3 56. h6 Rh4 57. Kd1 Rxh6 58. Kc2 Kd4 59. Kc1
Rh2 60. Nd1 Kxc4 61. Nb2+ Kb3 62. Nd3 Kc3 63. Ne1 Rd2 64. Nf3 Rd5 65. Ne1 Rd8
66. Nf3 Kd3 67. Ne1+ Ke2 68. Nc2 Rb8 69. Nd4+ Kd3 70. Nf3 Rf8 71. Ne1+ Ke2 72.
Nc2 Rc8 73. Kb2 Kd2 74. Nb4 Ke3 75. Nc2+ Kd3 76. Nb4+ Kc4 77. Nc2 Re8 78. Na3+
Kd3 79. Kb3 Rb8+ 80. Ka4 Kc3 81. Nb5+ Kc4 82. Na3+ Kc5 83. Nc2 Rb1 84. Na3 Rb2
85. Ka5 Rb4 86. Nc2 Rh4 87. Na3 Rg4 88. Nc2 Rf4 89. Na3 Rh4 90. Nc2 Kc4 91.
Na3+ Kb3 92. Nb5 Rh6 93. Nc7 Kc4 94. Na6 Rxa6+ 95. Kxa6 1/2-1/2

[Event "VII Festival A"]
[Site "Cesenatico ITA"]
[Date "2002.09.05"]
[Round "5"]
[White "Molina, Fabrizio"]
[Black "Stromboli, Ettore"]
[Result "1-0"]
[WhiteElo "2278"]
[BlackElo "1771"]
[PlyCount "81"]
[EventDate "2002.09.02"]

1. c4 e6 2. Nf3 d5 3. b3 c5 4. Bb2 Nc6 5. g3 d4 6. d3 b6 7. Bg2 Rb8 8. O-O Bd6
9. Nbd2 Nge7 10. e4 e5 11. Nh4 g5 12. Nf5 Nxf5 13. exf5 Nb4 14. Be4 Bb7 15. Qf3
Bxe4 16. Nxe4 f6 17. a3 Na6 18. Qh5+ Ke7 19. Bc1 Qe8 20. Qh6 Qf8 21. Bxg5 Qxh6
22. Bxh6 Rhg8 23. Kg2 Nc7 24. Rab1 a5 25. Kf3 b5 26. h4 b4 27. a4 Ne8 28. g4
Kf7 29. Rg1 Be7 30. Rg2 Ng7 31. Rbg1 Rbe8 32. Bxg7 Rxg7 33. g5 Reg8 34. gxf6
Rxg2 35. Rxg2 Rxg2 36. fxe7 Rg8 37. f6 Ke6 38. Nd6 Kxd6 39. f7 e4+ 40. Ke2
exd3+ 41. Kd2 1-0

[Event "VII Festival A"]
[Site "Cesenatico ITA"]
[Date "2002.09.05"]
[Round "5"]
[White "Raineri, Valerio"]
[Black "Bildt, Thomas"]
[Result "1-0"]
[WhiteElo "2134"]
[BlackElo "2087"]
[PlyCount "80"]
[EventDate "2002.09.02"]

1. e4 e5 2. Nf3 Nc6 3. Bb5 a6 4. Ba4 Nf6 5. O-O Be7 6. Re1 b5 7. Bb3 O-O 8. d3
d6 9. c3 Na5 10. Bc2 c5 11. Nbd2 Nc6 12. Nf1 h6 13. Ng3 Nh7 14. Nf5 Bf6 15. h3
Ng5 16. Nh2 Ne7 17. Nxe7+ Qxe7 18. Ng4 Ne6 19. Qf3 Bg5 20. Ne3 Nf4 21. Nf5 Qf6
22. h4 Bxh4 23. g3 Bxf5 24. exf5 Nh3+ 25. Kg2 Ng5 26. Qg4 Bxg3 27. fxg3 g6 28.
Rf1 Kg7 29. Bxg5 hxg5 30. fxg6 Qxg6 31. Rf5 f6 32. d4 exd4 33. cxd4 cxd4 34.
Raf1 Rae8 35. Bd3 Re5 36. Qxd4 Qe8 37. Rxe5 dxe5 38. Qe4 Rh8 39. Qb7+ Kg8 40.
Rxf6 e4 1-0

[Event "VII Festival A"]
[Site "Cesenatico ITA"]
[Date "2002.09.05"]
[Round "5"]
[White "Ronchetti, Niccolo'"]
[Black "Schreiner, Richard"]
[Result "1-0"]
[WhiteElo "2117"]
[BlackElo "2188"]
[PlyCount "107"]
[EventDate "2002.09.02"]

1. e4 e6 2. d4 d5 3. e5 c5 4. c3 Qb6 5. Nf3 Bd7 6. a3 a5 7. Bd3 Bb5 8. O-O Bxd3
9. Qxd3 Nc6 10. Qe2 Nh6 11. Bxh6 gxh6 12. a4 Rd8 13. Rd1 cxd4 14. cxd4 Bg7 15.
Na3 O-O 16. Nb5 f6 17. exf6 Rxf6 18. Rd3 Ne7 19. Rc3 Rdf8 20. Rac1 Nc6 21. Re3
Ne7 22. Re1 Ng6 23. Qc2 R8f7 24. Qc8+ Nf8 25. Ne5 Rxf2 26. Nxf7 Rxf7 27. Qc3
Rf4 28. Rd1 e5 29. Qb3 exd4 30. Qxd5+ Kh8 31. Re4 d3+ 32. Kh1 Rf2 33. Qxd3 Qg6
34. Qg3 Qf5 35. Ree1 Bxb2 36. Nd6 Qc2 37. Rf1 Rf6 38. Rde1 Qg6 39. Qxg6 Nxg6
40. Rxf6 Bxf6 41. Nxb7 Bc3 42. Re8+ Kg7 43. Ra8 h5 44. Nxa5 h4 45. Nc6 Nf4 46.
g3 hxg3 47. hxg3 Ne2 48. Kg2 h5 49. a5 h4 50. a6 hxg3 51. a7 Nf4+ 52. Kxg3 Nd5
53. Rb8 Nc7 54. Rb7 1-0

[Event "VII Festival A"]
[Site "Cesenatico ITA"]
[Date "2002.09.05"]
[Round "5"]
[White "Tomescu, Vlad"]
[Black "Zentgraf, Alexander"]
[Result "1-0"]
[WhiteElo "2438"]
[BlackElo "2131"]
[PlyCount "87"]
[EventDate "2002.09.02"]

1. d4 Nf6 2. c4 g6 3. Nc3 d5 4. Nf3 Bg7 5. cxd5 Nxd5 6. e4 Nxc3 7. bxc3 c5 8.
Be3 Qa5 9. Qd2 O-O 10. Rc1 cxd4 11. cxd4 Qxd2+ 12. Bxd2 Bg4 13. d5 Nd7 14. h3
Bxf3 15. gxf3 Rfc8 16. Bd3 Ne5 17. Ke2 Nxd3 18. Kxd3 e6 19. dxe6 fxe6 20. Be3
Rd8+ 21. Ke2 b5 22. Rc6 a5 23. f4 e5 24. fxe5 Bxe5 25. Rc5 Bd4 26. Rxb5 Rac8
27. Rd1 Bc3 28. Rxd8+ Rxd8 29. Rc5 Bb4 30. Rc4 Rb8 31. Bd4 Rb7 32. Rc8+ Kf7 33.
Ra8 Rb5 34. Ra7+ Be7 35. Bc3 Rc5 36. Kd3 Rh5 37. Kc4 Rxh3 38. Bxa5 Ke6 39. Bc3
h5 40. Ra6+ Kf7 41. e5 Bg5 42. Bd4 Rh1 43. f4 Bh6 44. f5 1-0

[Event "VII Festival A"]
[Site "Cesenatico ITA"]
[Date "2002.09.05"]
[Round "5"]
[White "Voiska, Margarita"]
[Black "Cioara, Andrei Nestor"]
[Result "1/2-1/2"]
[WhiteElo "2356"]
[BlackElo "2414"]
[PlyCount "64"]
[EventDate "2002.09.02"]

1. c4 e5 2. g3 Nf6 3. Bg2 d5 4. cxd5 Nxd5 5. Nf3 Nc6 6. O-O Be7 7. d4 e4 8. Ne5
f5 9. Nxc6 bxc6 10. Qa4 Bd7 11. Nc3 O-O 12. Nxd5 cxd5 13. Qb3 Be6 14. Bf4 c5
15. dxc5 Bxc5 16. e3 Qb6 17. Qxb6 Bxb6 18. Be5 Rfc8 19. Rac1 Kf7 20. h4 Bd8 21.
Rfd1 Bf6 22. Bxf6 Kxf6 23. Bf1 Rxc1 24. Rxc1 Rc8 25. Rc3 Rxc3 26. bxc3 Ke5 27.
Ba6 Kd6 28. Kf1 Kc5 29. Ke1 Kb6 30. Be2 a6 31. Kd2 Bd7 32. c4 Be6 1/2-1/2

[Event "VII Festival A"]
[Site "Cesenatico ITA"]
[Date "2002.09.05"]
[Round "6"]
[White "Brancaleoni, Maurizio"]
[Black "Ronchetti, Niccolo'"]
[Result "1/2-1/2"]
[WhiteElo "2249"]
[BlackElo "2117"]
[PlyCount "29"]
[EventDate "2002.09.02"]

1. d4 Nf6 2. c4 e6 3. Nf3 c5 4. d5 b5 5. Bg5 Qa5+ 6. Nbd2 Ne4 7. b4 Qxb4 8. Rb1
Qc3 9. Rb3 Qa5 10. Rxb5 Qc3 11. Rb3 Qa5 12. Qb1 Nxg5 13. Nxg5 Na6 14. g3 Be7
15. Nge4 1/2-1/2

[Event "VII Festival A"]
[Site "Cesenatico ITA"]
[Date "2002.09.05"]
[Round "6"]
[White "Cioara, Andrei Nestor"]
[Black "Raineri, Valerio"]
[Result "1-0"]
[WhiteElo "2414"]
[BlackElo "2134"]
[PlyCount "100"]
[EventDate "2002.09.02"]

1. e4 e5 2. Nf3 Nc6 3. d4 exd4 4. Nxd4 Bc5 5. Be3 Qf6 6. c3 Nge7 7. Bc4 O-O 8.
O-O Ne5 9. Be2 d6 10. f4 N5g6 11. Nd2 Nc6 12. N2b3 Bb6 13. Qd2 Qe7 14. Bd3 f6
15. Rae1 Bd7 16. Qf2 Rae8 17. Qg3 Qf7 18. Nd2 Nge7 19. N2f3 Nxd4 20. cxd4 Qxa2
21. f5 Qf7 22. Nh4 Rc8 23. e5 dxe5 24. dxe5 fxe5 25. Bxb6 axb6 26. f6 Nd5 27.
Ng6 Nxf6 28. Nxf8 Qxf8 29. Rxe5 Qd6 30. Qe3 Ng4 31. Qe4 g6 32. Qd5+ Qxd5 33.
Rxd5 Be6 34. Rg5 Kg7 35. h3 Nh6 36. Re5 Bf5 37. Bxf5 Nxf5 38. g4 Nd6 39. Re7+
Kg8 40. Rd7 b5 41. Rc1 Ne8 42. Rc5 c6 43. Rxb7 Nd6 44. Rb6 Nc4 45. Rbxb5 Rd8
46. Rxc6 Rd1+ 47. Kf2 Rd2+ 48. Ke1 Rxb2 49. Rxb2 Nxb2 50. Kd2 Na4 1-0

[Event "VII Festival A"]
[Site "Cesenatico ITA"]
[Date "2002.09.05"]
[Round "6"]
[White "Ivanov, Mikhail M."]
[Black "Voiska, Margarita"]
[Result "1-0"]
[WhiteElo "2489"]
[BlackElo "2356"]
[PlyCount "75"]
[EventDate "2002.09.02"]

1. d4 Nf6 2. c4 c5 3. d5 e6 4. Nc3 exd5 5. cxd5 Bd6 6. g3 Be5 7. Bg2 d6 8. Nf3
Nbd7 9. Nxe5 Nxe5 10. O-O O-O 11. f4 Ned7 12. e4 Re8 13. Re1 a6 14. a4 Rb8 15.
h3 b5 16. axb5 axb5 17. b3 h5 18. Kh1 Nf8 19. e5 b4 20. Na4 N6d7 21. Qxh5 Nb6
22. Bb2 Nxa4 23. Rxa4 Bb7 24. Qd1 Ra8 25. Rxa8 Qxa8 26. Qd2 dxe5 27. Ra1 Qc8
28. fxe5 Rd8 29. Kh2 Qe6 30. Rd1 Qa6 31. Bf1 Qg6 32. Bc4 Qe4 33. Qd3 Qxd3 34.
Rxd3 Kh7 35. g4 Re8 36. Kg3 g5 37. Rf3 Kg8 38. Rf5 1-0

[Event "VII Festival A"]
[Site "Cesenatico ITA"]
[Date "2002.09.05"]
[Round "6"]
[White "Luchsinger, Eric"]
[Black "Lagrotteria, Salvatore"]
[Result "1/2-1/2"]
[WhiteElo "2085"]
[BlackElo "2164"]
[PlyCount "85"]
[EventDate "2002.09.02"]

1. c4 Nf6 2. g3 c5 3. Bg2 Nc6 4. Nc3 d6 5. a3 g6 6. Rb1 Bg7 7. b4 O-O 8. b5 Ne5
9. d3 e6 10. e4 Ne8 11. Nge2 f6 12. O-O Rf7 13. f4 Nd7 14. f5 e5 15. g4 Nc7 16.
Be3 Qf8 17. Nd5 Nxd5 18. exd5 Bh6 19. Qd2 Bxe3+ 20. Qxe3 g5 21. Nc3 Qe7 22. Ne4
Nb6 23. Ra1 a6 24. a4 axb5 25. axb5 Rxa1 26. Rxa1 Bd7 27. Nc3 Rf8 28. Be4 Rb8
29. Qe1 Be8 30. Kg2 Kg7 31. Bf3 Bf7 32. Qe2 Qd8 33. Qe1 Nc8 34. Be4 Ne7 35. Qe2
Ra8 36. Rxa8 Qxa8 37. Qa2 Qc8 38. Qf2 Qc7 39. Qa2 h5 40. h3 hxg4 41. hxg4 Nc8
42. Bf3 Qd8 43. Be4 1/2-1/2

[Event "VII Festival A"]
[Site "Cesenatico ITA"]
[Date "2002.09.05"]
[Round "6"]
[White "Mrdja, Milan"]
[Black "Falbo, Sandro"]
[Result "1-0"]
[WhiteElo "2370"]
[BlackElo "2208"]
[PlyCount "53"]
[EventDate "2002.09.02"]

1. e4 c6 2. d4 d5 3. Nc3 dxe4 4. Nxe4 Bf5 5. Ng3 Bg6 6. h4 h6 7. Nh3 e6 8. Nf4
Bh7 9. Bc4 Nf6 10. Ngh5 Nbd7 11. c3 Nxh5 12. Nxh5 Nf6 13. Bf4 Nxh5 14. Qxh5 Bd6
15. Be5 Bxe5 16. Qxe5 Qf6 17. Qe3 Qg6 18. O-O Qe4 19. Qg3 O-O 20. Rae1 Qg6 21.
Qh2 Rfe8 22. f4 h5 23. Re5 Qc2 24. Rxh5 Qxb2 25. Qg3 Bf5 26. Rg5 g6 27. Rxf5
1-0

[Event "VII Festival A"]
[Site "Cesenatico ITA"]
[Date "2002.09.05"]
[Round "6"]
[White "Naumkin, Igor"]
[Black "Tomescu, Vlad"]
[Result "1/2-1/2"]
[WhiteElo "2436"]
[BlackElo "2438"]
[PlyCount "25"]
[EventDate "2002.09.02"]

1. d4 d5 2. c4 e6 3. Nc3 Nf6 4. Nf3 c6 5. Bg5 Be7 6. e3 Nbd7 7. Rc1 O-O 8. Bd3
b6 9. O-O Bb7 10. Qe2 h6 11. Bh4 dxc4 12. Bxc4 c5 13. Rfd1 1/2-1/2